Incorporating the financial variables using two step DEA efficiency evaluation: case study of Slovak gynaecology departments

Analýza efektívnosti verejných zdravotníckych zariadení v 8 krajoch Slovenska v období 2009-2014 dvojkrokovou metódou DEA na príklade gynekologických oddelení v zariadeniach druhotnej zdravotnej starostlivosti. Vybrané finančné ukazovatele nie sú vhodné na hodnotenie technickej efektívnosti skúmanýc...

Descrizione completa

Salvato in:
Dettagli Bibliografici
Autore principale: Hajduová, Zuzana, 1974-
Altri autori: Lacko, Roman, 1988-, Bobenič, Tibor
Natura: Capitolo di libro
Lingua:inglese
Soggetti:
Tags: Aggiungi Tag
Nessun Tag, puoi essere il primo ad aggiungerne!!

MARC

LEADER 00000naa$a2200000$$$4500
001 0227109
005 20240502083609.7
041 0 |a eng 
044 |a CZ 
245 1 0 |a Incorporating the financial variables using two step DEA efficiency evaluation: case study of Slovak gynaecology departments  |c Zuzana Hajduová, Roman Lacko, Tibor Bobenič 
520 |a Analýza efektívnosti verejných zdravotníckych zariadení v 8 krajoch Slovenska v období 2009-2014 dvojkrokovou metódou DEA na príklade gynekologických oddelení v zariadeniach druhotnej zdravotnej starostlivosti. Vybrané finančné ukazovatele nie sú vhodné na hodnotenie technickej efektívnosti skúmaných oddelení, pravdepodobne v dôsledku ich neziskovej orientácie. 
610 2 0 |a zdravotníctvo verejné 
610 2 0 |a zariadenia zdravotnícke 
610 2 0 |a efektívnosť 
610 2 0 |a ukazovatele finančné 
610 2 0 |a Slovensko 
610 2 0 |a analýza štatistická 
100 1 |a Hajduová, Zuzana, 1974- 
700 1 |a Lacko, Roman, 1988- 
700 1 |a Bobenič, Tibor